Old Testament or New Testament? - Statistics

General Stats
  • This quiz has been taken 51 times
  • The average score is 9 of 15
Answer Stats
Question Answer % Correct
Has more books Old Testament
96%
Contains the Books of the Gospels New Testament
91%
Contains the Book of Ezra Old Testament
87%
Was written directly by a single author Neither
73%
Contains at least one book named after a female Character Old Testament
73%
Contains a genealogy Both
69%
Contains the book of Titus New Testament
69%
Mentions Moses Both
64%
Contains more Books with numbers in the name New Testament
62%
Contains more than 25 books Both
53%
Contains prophecies about the end of the world Both
49%
Has a book that doesn't mention God Old Testament
40%
More that 50% of the words were written by a single author Neither
29%
Was partially written in Aramaic Old Testament
29%
Contains all three shortest Books of the Bible (by verse count) Neither
2%
No matching quizzes found
Score Distribution
Percent of People with Each Score
Percentile by Number Answered
Your Score History
You have not taken this quiz